PHYSICAL PHARMACEUTICS (Record no. 7539)

MARC details
000 -LEADER
fixed length control field 00412nam a22001577a 4500
005 - DATE AND TIME OF LATEST TRANSACTION
control field 20230117113821.0
008 - FIXED-LENGTH DATA ELEMENTS--GENERAL INFORMATION
fixed length control field 210306b ||||| |||| 00| 0 eng d
041 ## - LANGUAGE CODE
Language code of text/sound track or separate title eng
082 ## - DEWEY DECIMAL CLASSIFICATION NUMBER
Classification number 615.19
Item number SHO-P
100 ## - MAIN ENTRY--AUTHOR NAME
Personal name SHOTTON, B AND RIDGWAY, K
245 ## - TITLE STATEMENT
Title PHYSICAL PHARMACEUTICS
260 ## - PUBLICATION, DISTRIBUTION, ETC. (IMPRINT)
Place of publication NEW YORK
Name of publisher OXFORD UNIVERSITY PRESS
Year of publication 1974
300 ## - PHYSICAL DESCRIPTION
Number of Pages 409,p
650 ## - SUBJECT ADDED ENTRY--TOPICAL TERM
Topical Term PHARMACY
General subdivision B.PHARMA
942 ## - ADDED ENTRY ELEMENTS (KOHA)
Koha item type Books
Holdings
Lost status Damaged status Collection code Home library Current library Shelving location Date acquired Source of acquisition Cost, normal purchase price Full call number Accession Number Koha item type
    PHARMACY JRU Library JRU Library Shelf - 23- E 06/03/2021 PURCHES 1995.00 615.19 25746 Books
    PHARMACY JRU Library JRU Library Shelf - 23- E 26/02/2022 PURCHASE 1995.00 615.19 26718 Books
    PHARMACY JRU Library JRU Library Shelf - 23- E 26/02/2022 PURCHASE 1995.00 615.19 26719 Books
    PHARMACY JRU Library JRU Library Shelf - 23- E 26/02/2022 PURCHASE 1995.00 615.19 26720 Books
    PHARMACY JRU Library JRU Library Shelf - 23- E 26/02/2022 PURCHASE 1995.00 615.19 26721 Books
    PHARMACY JRU Library JRU Library Shelf - 23- E 26/02/2022 PURCHASE 1995.00 615.19 26722 Books
    PHARMACY JRU Library JRU Library Shelf - 23- E 26/02/2022 PURCHASE 1995.00 615.19 26723 Books